| 000 | 00483nam a22001697a 4500 | ||
|---|---|---|---|
| 003 | NUST | ||
| 005 | 20220801175419.0 | ||
| 008 | 220801b ||||| |||| 00| 0 eng d | ||
| 020 | _a9781300310624 | ||
| 038 | _aAzhar | ||
| 082 |
_a620.0071173 _bMET |
||
| 100 |
_aMettu, Ramgopal _996185 |
||
| 245 |
_aUnderstanding admissions : getting into the top graduate schools in computer science and engineering _cRamgopal Mettu |
||
| 260 |
_aUSA _c2012 |
||
| 300 | _a82p | ||
| 942 |
_2ddc _cLC |
||
| 999 |
_c590747 _d590747 |
||